000 00565nam a2200217Ia 4500
003 OSt
005 20220925173837.0
006 a|||||r|||| 00| 0
007 ta
008 220923b |||||||| |||| 00| 0 eng d
020 _a90 6434 0285
037 _cGeneral Book
040 _aRTL
_cRTL
_beng
041 _2eng
_aeng
082 _aX;3L, M2/SC
245 0 _aEconomen over crisis
260 _aBrussel
_bUitgeverij Intermediair Amsterdam
_c1982
300 _a277p.
_ccm.
942 _hX;3L, M2/SC
_cGB
_2CC
999 _c489166
_d489166